000 00193 a2200097 4500
020 _a9788426372864
041 _aspa
100 _aMarcos Calveiro
245 _aEl cartero de bagdad
942 _cBK
999 _c29469
_d29467